000 00770cam a2200265M 4500
001 3681
003 BD-RjUL
005 20211208233753.0
008 160621s1962 enk 000 0 eng d
035 _a(OCoLC)ocm25444290
035 _a(BD-RjUL)3715
040 _aREB
_cREB
_dUKM
_dZCU
_dBD-RjUL
_beng
041 _aeng
082 0 4 _a335
_218
_bDAS 1962
090 _aHX392
_b.D26
100 1 _aDatta, Amlan,
_d1924-
_911696
245 1 0 _aSocialism, democracy and industrialization :
_ba collection of essays /
_cAmlan Datta
260 _aLondon :
_bAllen & Unwin,
_cc1962.
300 _a118 p. ;
_c22 cm.
650 0 _aSocialism
_zIndia.
_911697
650 0 _aDemocracy.
_911698
650 0 _aEconomic development.
_911699
942 _2ddc
_cBK
999 _c3681
_d3681